LEADER 01225nam a2200301 u 4500 001 000000010794 003 CaOOAMICUS 005 20070226105345.0 008 940516s1992 it u000 u ita u 020 $a88-420-4093-2 035 $a10268306 040 $aPUL(R)$bita 100 1 $aFiloramo, Giovanni,$d1945-$0(OLS)http://pul/name/6760 245 10$aCristianesimo e società antica /$cGiovanni Filoramo, Sergio Roda. 260 $aBari :$bLaterza,$c1992. 300 $axii,294 p. ;$c21 cm 490 1 $aStoria e società (Laterza) 500 $aComprende indici. 504 $aBibliografia: p. 279-286. 650 4$aCristianesimo e società$yEvo antico.$0(OLS)http://pul/subject/8468 700 1 $aRoda, Sergio.$0(OLS)http://pul/name/6928 830 0$aStoria e società (Laterza).$0(OLS)http://pul/title/761 850 $aPUL 852 $aPUL$W1$xSL Religione 2$y84$mRH A 48$j15307$nBK-PRI$b $qStampati altre collocazioni$B15307$CPULBib$Z2$F15307 $H $81 941 1 $a10 996 $6020$a88-420-4093-2$9(OLS)http://pul/number/13846 996 $6245$aCristianesimo e società antica$9(OLS)http://pul/title/15730 996 $6260$aBari :$bLaterza$9(OLS)http://pul/publisher/47895 LEADER 01233nam a2200301 a 4500 001 000000135972 003 CaOOAMICUS 005 20131023153502.0 008 131023s1990 it u000 u ita r 020 $a88-07-81111-1 040 $aPUL$bita 041 1 $aita$heng 100 1 $aDickinson, Emily,$d1830-1886.$0(OLS)http://pul/name/68986 245 10$aSilenzi /$cEmily Dickinson ; a cura di Barbara Lanati. 260 $aMilano :$bFeltrinelli,$c1990. 300 $aXXVII, 201 p. ;$c18 cm 490 1 $aUniversale economica ;$v1111 700 1 $aLanati, Barbara.$0(OLS)http://pul/name/81640 830 0$aUniversale Economica ;$v1111.$0(OLS)http://pul/title/12276 850 $aPUL 852 $aPUL$W1$xDP1 Fondo E. Rossi$y115$m2 B 32$j105096$qFondi$B156141$CPULBib$Z2$F156141 $82 852 $aPUL$W1$xDP1 Fondo Dalla Palma$y117$m9 E 100$j192675$b2. copia$qFondi$B197773$CPULBib$Z2$F197773 $HDal176 $81 941 1 $a1 961 $aSul dorso collocazione ms. di E. Rossi: II 32 996 $6020$a88-07-81111-1$9(OLS)http://pul/number/153804 996 $6245$aSilenzi$9(OLS)http://pul/title/171923 996 $6260$aMilano :$bFeltrinelli$9(OLS)http://pul/publisher/48846